Comparison geometry

Αποθηκεύτηκε σε:
Λεπτομέρειες βιβλιογραφικής εγγραφής
Άλλοι συγγραφείς: Grove, Karsten (Επιμελητής έκδοσης), Petersen, Peter 1962- (Επιμελητής έκδοσης)
Μορφή: Βιβλίο
Γλώσσα:English
Δημοσίευση: Cambridge : Cambridge University Press, 1997
Σειρά:Mathematical Sciences Research Institute publications ; ; 30
Θέματα:
Ετικέτες: Προσθήκη ετικέτας
Δεν υπάρχουν, Καταχωρήστε ετικέτα πρώτοι!

MARC

LEADER 00000nam a2200000 i 4500
001 1/72061
008 990312s1997 eng d
020 |a 0-521-59222-4 
020 |a 0-521-59222-4 
035 |l 10048473 
040 |a GR-MY-UA  |b eng  |e aacr 
041 0 |a eng 
082 0 |a 516.363  |2 (22) 
245 1 0 |a Comparison geometry /  |c edited by Karsten Grove, Peter Petersen 
260 |a Cambridge :   |b Cambridge University Press,   |c 1997 
300 |a x, 262 p.;  |b ill.;  |c 25 cn. 
490 1 |a Mathematical Sciences Research Institute publications  |v ; 30 
500 |a Περιέχει βιβλιογραφία (σ. 260-262) 
650 0 0 |a Geometry, Riemannian. 
650 0 0 |a Riemannian manifolds. 
650 0 0 |a Spaces of constant curvature. 
700 1 |a Grove, Karsten.  |4 edt 
700 1 |a Petersen, Peter  |d 1962-  |4 edt 
830 0 |a Mathematical Sciences Research Institute publications ;  |v ; 30 
852 |a INST  |b SAMOS  |e 19990312  |h 516.363 COM  |p 005300013357  |q 005300013357  |t BK  |y 0 
852 |a INST  |b SAMOS  |e 19990312  |h 516.363 COM  |p 005300013383  |q 005300013383  |t BK  |y 0 
852 |a INST  |b SAMOS  |e 20090129  |h 516.363 COM  |p 005300029471  |q 005300029471  |t BK  |y 0 
901 |a BIBL-1999-1 
909 |a Σ  |b 155499 
909 |a Σ  |b 060696 
909 |a Σ  |b 062977 
922 |a 3ΕΛΗ  |b 200808  |c ΕΠΕΑΕΚ2/ΤΜΗΜΑ ΜΑΘΗΜΑΤΙΚΩΝ-ΠΡΟΠΤΥΧΙΑΚΟ  |d ΜΙΧΑΛΟΠΟΥΛΟΣ 
922 |a 3ΕΛΗ  |b 199901  |c ΕΠΕΑΕΚ/ΜΑΘ  |d LEADER 
970 |a ΣΙΤΖΙΜΗ  |b ΓΙΑΣΕΜΗ  |z 2009/01/29